000 00766nam a22001937a 4500
999 _c13699
_d13699
003 AR-CdUCM
008 190416b ||||| |||| 00| 0 spa d
040 _aMUNICIPALIDAD PROVINCIAL DEL CUSCO
_cBIBLIOTECA MUNICIPAL DEL CUSCO
082 _22ed.
_a349.853 /
_bS66 / 1950
100 _aSolano, Susana
_932198
245 _aEl indígena y la ley penal /
260 _aLima :
_bImpr. D. Miranda,
_c1950.
300 _a23 páginas ;
_c25 cm.
505 _aContenido: El indígena y la ley penal -- Delitos contra el orden publico -- Delitos contra las leyes administrativas -- Medios para prevenir el delito entre los indígenas ...
650 _aIndígenas del Perú
_95715
650 _aCondiciones sociales
_91132
942 _2ddc
_cLIBROS
945 _aacv
_d2019-04-16